<?xml version="1.0" encoding="UTF-8"?>
<record
    xmlns:xsi="http://www.w3.org/2001/XMLSchema-instance"
    xsi:schemaLocation="http://www.loc.gov/MARC21/slim http://www.loc.gov/standards/marcxml/schema/MARC21slim.xsd"
    xmlns="http://www.loc.gov/MARC21/slim">

  <leader>01343nam0a2200289   4500</leader>
  <controlfield tag="001">RU\NLR\bibl\514417</controlfield>
  <controlfield tag="005">20260405055526.0</controlfield>
  <datafield tag="010" ind1=" " ind2=" ">
    <subfield code="a">5-88165-008-5</subfield>
    <subfield code="9">5000</subfield>
  </datafield>
  <datafield tag="035" ind1=" " ind2=" ">
    <subfield code="a">(NLR Aleph) 000506870</subfield>
  </datafield>
  <datafield tag="090" ind1=" " ind2=" ">
    <subfield code="a">1208447</subfield>
    <subfield code="c">1208447</subfield>
  </datafield>
  <datafield tag="100" ind1=" " ind2=" ">
    <subfield code="a">20040422d1996    |||y0rusy50      ca</subfield>
  </datafield>
  <datafield tag="101" ind1="1" ind2=" ">
    <subfield code="a">rus</subfield>
    <subfield code="c">per</subfield>
  </datafield>
  <datafield tag="102" ind1=" " ind2=" ">
    <subfield code="a">RU</subfield>
  </datafield>
  <datafield tag="105" ind1=" " ind2=" ">
    <subfield code="a">a   |||||||||</subfield>
  </datafield>
  <datafield tag="200" ind1="1" ind2=" ">
    <subfield code="a">&#x412;&#x438;&#x441; &#x438; &#x420;&#x430;&#x43C;&#x438;&#x43D;</subfield>
    <subfield code="e">[&#x41F;&#x43E;&#x44D;&#x43C;&#x430;]</subfield>
    <subfield code="f">&#x424;&#x430;&#x445;&#x440;&#x438;&#x434;&#x434;&#x438;&#x43D; &#x413;&#x443;&#x440;&#x433;&#x430;&#x43D;&#x438;</subfield>
    <subfield code="g">[&#x41F;&#x435;&#x440;. &#x441; &#x43F;&#x435;&#x440;&#x441;. &#x421;&#x435;&#x43C;&#x435;&#x43D;&#x430; &#x41B;&#x438;&#x43F;&#x43A;&#x438;&#x43D;&#x430;</subfield>
    <subfield code="g">&#x418;&#x43B;. &#x41C;&#x438;&#x445;&#x430;&#x438;&#x43B;&#x430; &#x420;&#x43E;&#x43C;&#x430;&#x434;&#x438;&#x43D;&#x430;]</subfield>
  </datafield>
  <datafield tag="210" ind1=" " ind2=" ">
    <subfield code="a">&#x41F;&#x435;&#x442;&#x440;&#x43E;&#x437;&#x430;&#x432;&#x43E;&#x434;&#x441;&#x43A;</subfield>
    <subfield code="c">&#x41A;&#x430;&#x440;&#x43F;&#x43E;&#x432;&#x430;&#x43D; &#x441;&#x438;&#x437;&#x430;&#x440;&#x435;&#x43A;&#x441;&#x435;&#x442;</subfield>
    <subfield code="d">1996</subfield>
  </datafield>
  <datafield tag="215" ind1=" " ind2=" ">
    <subfield code="a">390, [1] &#x441;.</subfield>
    <subfield code="c">&#x446;&#x432;. &#x438;&#x43B;.</subfield>
    <subfield code="d">25</subfield>
  </datafield>
  <datafield tag="300" ind1=" " ind2=" ">
    <subfield code="a">&#x41D;&#x430; &#x43E;&#x431;&#x43B;. &#x430;&#x432;&#x442;. &#x43D;&#x435; &#x443;&#x43A;&#x430;&#x437;&#x430;&#x43D;</subfield>
  </datafield>
  <datafield tag="604" ind1=" " ind2=" ">
    <subfield code="1">700#1$a&#x413;&#x443;&#x440;&#x433;&#x430;&#x43D;&#x438;$b&#x424;.$g&#x424;&#x430;&#x445;&#x440;&#x438;&#x434;&#x434;&#x438;&#x43D;$f11&#x432;.</subfield>
    <subfield code="1">50010$a"&#x412;&#x438;&#x441; &#x438; &#x420;&#x430;&#x43C;&#x438;&#x43D;"$2nlr_sh1$2nlr_sh2$3RU\NLR\AUTH\661393383</subfield>
    <subfield code="a">&#x413;&#x443;&#x440;&#x433;&#x430;&#x43D;&#x438;, &#x424;&#x430;&#x445;&#x440;&#x438;&#x434;&#x434;&#x438;&#x43D; (11&#x432;.)</subfield>
    <subfield code="t">"&#x412;&#x438;&#x441; &#x438; &#x420;&#x430;&#x43C;&#x438;&#x43D;"</subfield>
    <subfield code="9">2329979</subfield>
    <subfield code="3">RU\NLR\AUTH\661393383</subfield>
  </datafield>
  <datafield tag="686" ind1=" " ind2=" ">
    <subfield code="a">&#x428;5(0)952.314-4&#x413;&#x443;&#x440;&#x433;&#x430;&#x43D;&#x438;</subfield>
  </datafield>
  <datafield tag="700" ind1=" " ind2="1">
    <subfield code="4">070</subfield>
    <subfield code="8">rus</subfield>
    <subfield code="7">ca</subfield>
    <subfield code="a">&#x413;&#x443;&#x440;&#x433;&#x430;&#x43D;&#x438;</subfield>
    <subfield code="b">&#x424;.</subfield>
    <subfield code="f">11 &#x432;.</subfield>
    <subfield code="g">&#x424;&#x430;&#x445;&#x440;&#x438;&#x434;&#x434;&#x438;&#x43D;</subfield>
    <subfield code="3">RU\NLR\auth\7719038</subfield>
    <subfield code="9">2113</subfield>
  </datafield>
  <datafield tag="702" ind1=" " ind2="1">
    <subfield code="4">730</subfield>
    <subfield code="8">rus</subfield>
    <subfield code="7">ca</subfield>
    <subfield code="a">&#x41B;&#x438;&#x43F;&#x43A;&#x438;&#x43D;</subfield>
    <subfield code="b">&#x421;. &#x418;.</subfield>
    <subfield code="f">1911-2003</subfield>
    <subfield code="g">&#x421;&#x435;&#x43C;&#x435;&#x43D; &#x418;&#x437;&#x440;&#x430;&#x438;&#x43B;&#x435;&#x432;&#x438;&#x447;</subfield>
    <subfield code="3">RU\NLR\auth\7719041</subfield>
    <subfield code="9">2116</subfield>
  </datafield>
  <datafield tag="801" ind1=" " ind2="0">
    <subfield code="a">RU</subfield>
    <subfield code="b">NLR</subfield>
    <subfield code="c">20040422</subfield>
    <subfield code="g">PSBO</subfield>
  </datafield>
  <datafield tag="801" ind1=" " ind2="1">
    <subfield code="a">RU</subfield>
    <subfield code="b">NLR</subfield>
    <subfield code="c">20040422</subfield>
  </datafield>
  <datafield tag="942" ind1=" " ind2=" ">
    <subfield code="c">BOOK</subfield>
  </datafield>
  <datafield tag="980" ind1=" " ind2=" ">
    <subfield code="a">NB</subfield>
  </datafield>
  <datafield tag="995" ind1=" " ind2=" ">
    <subfield code="5">2004-04-22</subfield>
    <subfield code="a">aa</subfield>
    <subfield code="b">NLR01</subfield>
    <subfield code="c">NLR01</subfield>
    <subfield code="e">RF3</subfield>
    <subfield code="f">676315</subfield>
    <subfield code="k">2004-7/1631</subfield>
    <subfield code="o">0</subfield>
    <subfield code="p">1500.00</subfield>
    <subfield code="r">BOOK</subfield>
    <subfield code="s">200471631_</subfield>
  </datafield>
  <datafield tag="995" ind1=" " ind2=" ">
    <subfield code="5">2005-06-15</subfield>
    <subfield code="a">ah</subfield>
    <subfield code="b">NLR01</subfield>
    <subfield code="c">NLR01</subfield>
    <subfield code="e">RF3</subfield>
    <subfield code="f">939037</subfield>
    <subfield code="k">2004-7/1631</subfield>
    <subfield code="o">0</subfield>
    <subfield code="p">1500.00</subfield>
    <subfield code="r">BOOK</subfield>
    <subfield code="s">200471631_</subfield>
  </datafield>
</record>
